000 01171nam a2200313 i 4500
003 EG-GICUC
005 20260330230326.0
008 260330s2004 ua ||||fr|||| 00| 0 ara d
040 _a EG-GICUC
_bara
_c EG-GICUC
_d EG-GICUC
_erda
041 0 _aara
082 0 4 _221
_a345.6
_bع ب . ق
092 0 4 _221
099 _aLaw1 07 345.6 ع ب . ق 2004
100 0 _aعبد العليم عبد المجيد مشرف
_eمؤلف.
245 1 2 _aالقرار الإداري المستمر /
_cدكتور عبد العليم عبد المجيد مشرف .
264 1 _aالقاهرة :
_bدار النهضة العربية،
_c2004.
300 _a166 ؛ صفحة
_c24 سم
336 _2rda content
_atext
337 _2rda media
_aComputer
338 _2rda carrier
_aOnline Resource
504 _a.154-164 ببليوجرافيا: صفحات
504 _aيشتمل على إرجاعات ببليوجرافية
546 _aالنص باللغة العربية
650 1 4 _aالقرارت الإدارية
650 1 4 _aالقانون الإداري
856 4 0 _uhttps://fll.law.cu.edu.eg/fulltext/bks/B07-02090.pdf
905 _a77
942 _2ddc
_cBK
_e21
_n0
999 _c67601
_d67601